00333nam a2200133Ia 4500008004100000020001500041041001200056082001600068100002000084245005400104260002500158300000800183650000800191221030s9999 xx 000 0 und d a8120309537 aEnglish a105.23bMur aD. V. S. Murthy 0aTransducers & Instrumentationcby D. V. S. Murthy bPHIaNew Delhic2000 a557 aECE